000 00844nam a22002417a 4500
999 _c4401
_d4401
003 AR-CdUCM
008 190308b ||||| |||| 00| 0 spa d
020 _a84-7223-085-6
040 _aMUNICIPALIDAD PROVINCIAL DEL CUSCO
_cBIBLIOTECA MUNICIPAL DEL CUSCO
082 _a818.42 /
_bD71
100 _aDickinson, Emily
_913882
245 _aPoemas /
260 _aBarcelona :
_bTusquets Editores
_c1985.
300 _a368 paginas ;
_c20 cm.
440 _aMarginales Tusquets
_n85
_913883
505 _aContenido : Tengo un pájaro en primavera -- Los pies de la gente volviendo a sus casas -- Hay una palabra -- Nunca dije al oro enterrado ...
650 _aPoesía española
_9158
650 _aLiteratura española
_9362
650 _aLiteratura universal
_9611
700 _aOcampo, Silvina
_911014
942 _2ddc
_cLIBROS
945 _arah